000 00416nam a22001457a 4500
003 OSt
005 20150930153054.0
008 150930b xxu||||| |||| 00| 0 eng d
040 _cRUA
082 _aAGR ស៊ី 1992 B002 Or.1
100 _91618
_aស៊ីុំ, រ៉ាមុនី
245 _aពិសោធន៍ពូជស្រូវព្រៃផ្តៅ
300 _a61p.
_c29cm.
942 _2ddc
_cAGR
999 _c1527
_d1527